00852nam a2200241Ia 4500001000600000003000900006008004100015040001300056040001300069041001300082100002100095100002900116245004300145245006800188250001100256260000900267260002800276260004900304300005700353500014100410650002800551650003100579A0457IT-RoPAU130308s9999 xx 000 0 und d aIT-RoPAU cIT-RoPAU aITALIANO aLiberti Fabrizio gCodice Aut. SPICS: 25278 aVelluto blu-Blue velvet di David Lynch bDavid Lynch: Film. visioni e incubi da Six Figures a Twin Peaks a1a ed. aROMA bSorbini Stefano Editore c1991 [1° Ed.:1991 - Ed.Ling.Originale:1991] a"15 p. (prefazione: no ; testo: 15 [pagine: 60-74])" aScheda e Analisi del Film del 1986. malattia dei Personaggi di Velluto Blu. falsa Dimensione di Normalità. Discendenza di Velluto Blu. aAUTORI/OPERE DEL CINEMA eCodice materia Spics: 6807